[Event "Aeroflot Open"]
[Site "Moscow RUS"]
[Date "2004.02.22"]
[Round "6"]
[White "Tregubov,P"]
[Black "Meister,Y"]
[Result "1-0"]
[WhiteElo "2628"]
[BlackElo "2488"]
[EventDate "2004.02.17"]

1. d4 e6 2. c4 Bb4+ 3. Bd2 Bxd2+ 4. Qxd2 Nf6 5. Nc3 d5 6. Nf3 O-O 7. e3 Qe7
8. Rc1 Nbd7 9. Be2 dxc4 10. Bxc4 e5 11. Bb3 exd4 12. Qxd4 b6 13. Nd5 Nxd5
14. Bxd5 c5 15. Qa4 b5 16. Qa3 Rb8 17. O-O Rb6 18. Rfd1 a6 19. e4 Rh6 20.
Qe3 Ne5 21. Nxe5 Qxe5 22. h3 c4 23. b3 cxb3 24. axb3 Be6 25. f4 Qb8 26. Rc6
Bxd5 27. Rxh6 gxh6 28. Rxd5 Rd8 29. b4 Rxd5 30. exd5 Kf8 31. Qe5 Qb6+ 32.
Kh2 f6 33. Qe4 Qd6 34. Kg3 Kg7 35. Kf3 Qc7 36. Qd4 a5 37. d6 Qd8 38. Qc5
Kg6 39. Qc7 Qa8+ 40. Kg3 Qe4 41. d7 Kh5 42. d8=Q 1-0

[Event "Aeroflot Open"]
[Site "Moscow RUS"]
[Date "2004.02.22"]
[Round "6"]
[White "Jakovenko,D"]
[Black "Mamedov,Rau"]
[Result "1-0"]
[WhiteElo "2581"]
[BlackElo "2468"]
[EventDate "2004.02.17"]

1. e4 c5 2. Nf3 d6 3. Bb5+ Nd7 4. c3 Ngf6 5. Qe2 a6 6. Ba4 e6 7. O-O Be7 8.
d4 O-O 9. Bc2 Re8 10. a4 cxd4 11. cxd4 e5 12. d5 Nf8 13. Nfd2 Ng6 14. Nc4
Bg4 15. f3 Bd7 16. Be3 Nf4 17. Qd2 b5 18. axb5 Bxb5 19. Nba3 Qc7 20. Nxb5
axb5 21. Na5 Bf8 22. g3 Ne2+ 23. Qxe2 Rxa5 24. Bd3 Rea8 25. Rxa5 Qxa5 26.
Bxb5 Rb8 27. Bc6 Qa2 28. Rf2 Rb3 29. Kg2 Be7 30. Qc4 1-0

[Event "Aeroflot Open"]
[Site "Moscow RUS"]
[Date "2004.02.23"]
[Round "7"]
[White "Zhao Jun"]
[Black "Minasian,Art"]
[Result "0-1"]
[WhiteElo "2434"]
[BlackElo "2582"]
[EventDate "2004.02.17"]

1. e4 g6 2. d4 Bg7 3. Nf3 d6 4. Bc4 c6 5. Bb3 Nf6 6. Nc3 O-O 7. O-O Bg4 8.
h3 Bxf3 9. Qxf3 Nbd7 10. Be3 Qc7 11. a4 e6 12. a5 b5 13. axb6 axb6 14. d5
Rxa1 15. Rxa1 cxd5 16. exd5 exd5 17. Ra2 Ne5 18. Qd1 Nc6 19. Ra4 Ne7 20.
Qa1 Nf5 21. Bg5 Qc5 22. Bxf6 Bxf6 23. Nxd5 Bd4 24. Qe1 b5 25. Ra2 Kg7 26.
c3 Re8 0-1

[Event "Aeroflot Open"]
[Site "Moscow RUS"]
[Date "2004.02.23"]
[Round "7"]
[White "Asrian,K"]
[Black "Sadvakasov,D"]
[Result "1/2-1/2"]
[WhiteElo "2599"]
[BlackElo "2611"]
[EventDate "2004.02.17"]

1. e4 c5 2. Nf3 d6 3. d4 cxd4 4. Nxd4 Nf6 5. Nc3 a6 6. Be3 e5 7. Nb3 Be6 8.
f3 Be7 9. Qd2 O-O 10. O-O-O Nbd7 11. g4 b5 12. g5 1/2-1/2

[Event "Aeroflot Open"]
[Site "Moscow RUS"]
[Date "2004.02.23"]
[Round "7"]
[White "Petrosian,TL"]
[Black "Galkin,A"]
[Result "1-0"]
[WhiteElo "2477"]
[BlackElo "2607"]
[EventDate "2004.02.17"]

1. e4 c6 2. d4 d5 3. Nd2 dxe4 4. Nxe4 Nd7 5. Ng5 Ngf6 6. Bd3 e6 7. N1f3 Bd6
8. Qe2 h6 9. Ne4 Nxe4 10. Qxe4 Qc7 11. Qg4 Kf8 12. O-O b6 13. Re1 Bb7 14.
c3 c5 15. Qh3 Bf4 16. Ne5 Bxc1 17. Nxf7 Kxf7 18. Qxe6+ Kf8 19. Qe7+ Kg8 20.
Raxc1 Rc8 21. Bc4+ Kh7 22. Bd3+ Kg8 23. Bf5 Nf6 24. Be6+ Kh7 25. Bf5+ Kg8
26. Bxc8 Qxc8 27. Re6 Ba8 28. Rce1 cxd4 29. cxd4 Bd5 30. Rd6 Qc4 31. Qe5
Kf7 32. b3 Qb5 33. Qe7+ Kg6 34. Re3 Rc8 35. Rg3+ Kh5 36. Qe5+ g5 37. Rh3+
1-0

[Event "Aeroflot Open"]
[Site "Moscow RUS"]
[Date "2004.02.23"]
[Round "7"]
[White "Vorobiov,E"]
[Black "Vaganian,R"]
[Result "0-1"]
[WhiteElo "2544"]
[BlackElo "2623"]
[EventDate "2004.02.17"]

1. e4 e6 2. d4 d5 3. Nd2 c5 4. Ngf3 Nc6 5. exd5 Bd6 6. Bb5 exd5 7. dxc5
Bxc5 8. O-O Nge7 9. Nb3 Bd6 10. Bg5 O-O 11. Re1 Bg4 12. Bh4 Qc7 13. Bg3
Rad8 14. Bd3 Ng6 15. Bxd6 Rxd6 16. h3 Bh5 17. Bxg6 Bxg6 18. Nfd4 Nxd4 19.
Nxd4 Qb6 20. Re3 Rc8 21. Qe2 h6 22. c3 Qa6 23. Re1 Kh7 24. a3 Qc4 25. Re8
Rxe8 26. Qxe8 Rb6 27. Qe2 Qa2 28. b3 Qxa3 29. Qe5 Rf6 30. Qg3 Qb2 31. Re7
Be4 32. Qe3 Rg6 33. g4 Qb1+ 34. Kh2 Qh1+ 35. Kg3 Qg1+ 36. Kf4 Rf6+ 37. Ke5
Rxf2 38. Rxf7 Qh2+ 39. Ke6 Rxf7 40. Kxf7 Qd6 41. h4 0-1

[Event "Aeroflot Open"]
[Site "Moscow RUS"]
[Date "2004.02.24"]
[Round "8"]
[White "Timofeev,Ar"]
[Black "Lastin,A"]
[Result "1-0"]
[WhiteElo "2578"]
[BlackElo "2625"]
[EventDate "2004.02.17"]

1. e4 e6 2. d4 d5 3. Nd2 c5 4. exd5 exd5 5. Ngf3 Nf6 6. Bb5+ Bd7 7. Bxd7+
Nbxd7 8. O-O Be7 9. dxc5 Nxc5 10. Nb3 Nce4 11. Nfd4 Qd7 12. f3 Nd6 13. Nc5
Qc7 14. Nd3 O-O 15. b3 Rfe8 16. Be3 Nd7 17. Qd2 Bf6 18. Rfe1 Nb6 19. Bf2 h6
20. a4 Rad8 21. Rxe8+ Rxe8 22. Re1 Rxe1+ 23. Nxe1 Nbc8 24. Nd3 Ne7 25. Ne2
Ndf5 26. Ndf4 g6 27. g3 b6 28. Kg2 d4 29. Qd3 h5 30. Qe4 Qd7 31. h3 Nc6 32.
Qd5 Qe8 33. Nxg6 Qc8 34. g4 hxg4 35. hxg4 Ng7 36. Ngf4 Qc7 37. Bg3 Be5 38.
Nd3 Bxg3 39. Nxg3 Ne6 40. Ne4 Ne7 41. Nf6+ Kf8 42. Qc4 Qd6 43. Qb5 Nf4+ 44.
Nxf4 Qxf6 45. Nh5 Qe6 46. Qd3 Nc6 47. Ng3 Qd5 48. Qf5 Ne5 49. g5 Qc5 50. f4
Qc6+ 51. Qe4 Qxe4+ 52. Nxe4 Nc6 53. Kf3 Nb4 54. c3 dxc3 55. Nxc3 f6 56.
gxf6 Kf7 57. Ke4 Na6 58. Kf5 Nc5 59. Ne4 Nxb3 60. Ng5+ Ke8 61. Kg6 Nd4 62.
f5 1-0

[Event "Aeroflot Open"]
[Site "Moscow RUS"]
[Date "2004.02.24"]
[Round "8"]
[White "Krapivin,A"]
[Black "Timoshenko,G"]
[Result "0-1"]
[WhiteElo "2432"]
[BlackElo "2564"]
[EventDate "2004.02.17"]

1. e4 c5 2. Nc3 Nc6 3. g3 g6 4. Bg2 Bg7 5. d3 d6 6. Be3 Rb8 7. Qd2 b5 8. f4
b4 9. Nd1 e6 10. Nf3 Nge7 11. O-O O-O 12. c3 a5 13. d4 cxd4 14. Nxd4 bxc3
15. bxc3 a4 16. Nxc6 Nxc6 17. e5 d5 18. Bc5 Re8 19. Bd6 Ba6 20. Re1 Rc8 21.
Ne3 Na5 22. g4 Nb7 23. Bb4 g5 24. Nc2 gxf4 25. Qxf4 Nc5 26. Bxc5 Rxc5 27.
Re3 Qc7 28. Nd4 Rxc3 29. Rxc3 Qxc3 30. Rc1 Qb2 31. Rc2 Qb1+ 32. Rc1 Qxa2
33. h4 Qb2 34. Rc2 Qb1+ 35. Rc1 Qb8 36. Nf3 a3 37. h5 a2 38. h6 Bh8 39. Qa4
Bc4 40. Bf1 Qa8 41. Qd1 Qa7+ 42. Kg2 Ra8 43. Ra1 Bxf1+ 44. Qxf1 Qe3 0-1

[Event "Aeroflot Open"]
[Site "Moscow RUS"]
[Date "2004.02.24"]
[Round "8"]
[White "Vescovi,G"]
[Black "Miton,K"]
[Result "1-0"]
[WhiteElo "2633"]
[BlackElo "2543"]
[EventDate "2004.02.17"]

1. e4 c6 2. d4 d5 3. Nc3 dxe4 4. Nxe4 Nd7 5. Ng5 Ngf6 6. Bd3 e6 7. N1f3 Bd6
8. Qe2 h6 9. Ne4 Nxe4 10. Qxe4 Qc7 11. O-O b6 12. Qg4 Kf8 13. b3 c5 14.
dxc5 Nxc5 15. Bb2 e5 16. Bf5 h5 17. Qh3 Ne6 18. Bxe6 Bxe6 19. Qg3 f6 20.
Nh4 Qxc2 21. Rad1 Bc5 22. Bxe5 fxe5 23. Qf3+ Ke7 24. Rd3 Rhd8 25. Ng6+ Ke8
26. Qc6+ Bd7 27. Qd5 Bf8 28. Nxe5 1-0

[Event "Aeroflot Open"]
[Site "Moscow RUS"]
[Date "2004.02.24"]
[Round "8"]
[White "Galkin,A"]
[Black "Romanishin,O"]
[Result "1/2-1/2"]
[WhiteElo "2607"]
[BlackElo "2537"]
[EventDate "2004.02.17"]

1. e4 e5 2. Nf3 Nc6 3. Bb5 a6 4. Ba4 Nf6 5. O-O Be7 6. Re1 b5 7. Bb3 d6 8.
c3 O-O 9. h3 Na5 10. Bc2 c5 11. d4 Nd7 12. Nbd2 cxd4 13. cxd4 Nc6 14. Nb3
a5 15. Bd3 a4 16. Bxb5 Qb6 17. Bxc6 Qxc6 18. Nbd2 Bf6 19. d5 Qb5 20. b3
axb3 21. Nxb3 Nb6 22. Bg5 Bxg5 23. Nxg5 h6 24. Nf3 f5 25. Nbd2 Na4 26. Qb3
Qa6 27. Rec1 Nc5 28. Qe3 f4 29. Qc3 Bd7 30. a4 Nxa4 31. Qa3 Rfc8 32. Rxc8+
Rxc8 33. Qb4 Kh7 34. Kh2 Rc2 35. Qb3 Rc8 36. Qb4 Rc2 37. Qb3 Rc7 38. Qb8
Rc8 1/2-1/2

[Event "Aeroflot Open"]
[Site "Moscow RUS"]
[Date "2004.02.25"]
[Round "9"]
[White "Filippov,Va"]
[Black "Tregubov,P"]
[Result "1/2-1/2"]
[WhiteElo "2609"]
[BlackElo "2628"]
[EventDate "2004.02.17"]

1. Nf3 d5 2. d4 c6 3. c4 e6 4. Qc2 dxc4 5. Qxc4 Nf6 6. g3 b5 7. Qc2 Bb7 8.
Bg2 Nbd7 9. Ne5 Qb6 10. Be3 c5 11. Nxd7 Nxd7 12. Bxb7 Qxb7 13. O-O cxd4 14.
Bxd4 Rc8 15. Nc3 e5 16. Be3 Bb4 17. Qe4 Qxe4 18. Nxe4 f5 19. a3 Be7 20. Nc3
a6 21. Rfd1 Nf6 22. Nd5 Kf7 23. Nxe7 Kxe7 24. b4 Rc6 25. a4 Rb8 26. Rd3 Ke6
27. Rda3 bxa4 28. Rxa4 Nd5 29. Rxa6 Nxb4 30. Ra7 Nc2 31. Rc1 Kf6 32. f4
exf4 33. Bxf4 Rbc8 34. Rd1 g5 35. Bc1 R8c7 36. Rxc7 Rxc7 37. Rd6+ Ke5 38.
Rb6 f4 39. gxf4+ gxf4 40. Rb5+ Ke4 41. Bb2 f3 42. Re5+ Kf4 43. Kf2 fxe2 44.
Rxe2 Kf5 45. Re5+ Kg6 46. h4 Rd7 47. h5+ Kf7 48. Kg3 Nd4 49. Kg4 Ne6 50.
Rf5+ Kg8 51. Rb5 Rc7 52. Rb4 Rc5 53. Ra4 Rg5+ 54. Kh4 Rc5 55. Ba3 Rd5 56.
Ra8+ Rd8 57. Ra6 Rd4+ 58. Kg3 Ng7 1/2-1/2

[Event "Aeroflot Open"]
[Site "Moscow RUS"]
[Date "2004.02.25"]
[Round "9"]
[White "Sorokin,M"]
[Black "Mamedov,Rau"]
[Result "1-0"]
[WhiteElo "2574"]
[BlackElo "2468"]
[EventDate "2004.02.17"]

1. e4 c5 2. c3 d6 3. d4 Nf6 4. Bd3 g6 5. Nf3 Bg7 6. O-O O-O 7. Re1 Nfd7 8.
Bf1 Nc6 9. Be3 Nf6 10. d5 Nb8 11. Nbd2 h6 12. h3 e6 13. dxe6 Bxe6 14. Bf4
d5 15. exd5 Nxd5 16. Bg3 Nc6 17. Nc4 b6 18. Qc2 Qf6 19. Rad1 Rfd8 20. Qa4
Nde7 21. Nd6 a6 22. Ne4 Qf5 23. Rxd8+ Rxd8 24. Qxa6 Bd5 25. Nd6 Qf6 26. Ne4
Qf5 27. Ned2 Nc8 28. Bc7 Rf8 29. Bc4 Bxc4 30. Nxc4 Qd3 31. Qa4 Nb4 32. Nxb6
Nc2 33. Rc1 Ne3 34. Nd7 1-0